000 00396nam a22001697a 4500
003 OSt
005 20170105103440.0
008 120117t xxu||||| |||| 00| 0 eng d
020 _a81-312-0195-3
040 _cASAB
100 _aJoseph M.Fernandez ed.
_920
245 _aGene Expression Systems
260 _aUSA
_bAcademic Press
_c1999
300 _a480p.
650 _aGenetics
_921
942 _2ddc
_cBK
999 _c16436
_d16436